| 000 | 00605nam a2200205 i 4500 | ||
|---|---|---|---|
| 001 | 88069 | ||
| 003 | ES-MaACL | ||
| 005 | 20231218203530.0 | ||
| 007 | t| | ||
| 008 | 050103s1953 sp ||||1| spa d | ||
| 080 | _a821.134.2-31"19" | ||
| 100 | 1 |
_aLaforet, Carmen, _d1921-2004 _969515 |
|
| 245 | 1 | 3 |
_aUn noviazgo / _cCarmen Laforet. |
| 260 |
_aMadrid : _bTecnos, _c[1953] ( _fPrensa Española) |
||
| 300 |
_a64 p. ; _c16 cm. |
||
| 490 | 1 |
_aLa novela del sábado ; _vaño 1, n. 7 |
|
| 830 | 1 |
_aLa novela del sábado ; _vaño 1, n. 7 _9135325 |
|
| 852 | 4 |
_aES-MaACL _j1955-F-8 |
|
| 999 |
_c88069 _d88069 |
||